000 00591nam a2200229Ia 4500
003 OSt
005 20220918210325.0
006 a|||||r|||| 00| 0
007 ta
008 220917b |||||||| |||| 00| 0 eng d
024 _a120,018
037 _cTextual
040 _aARTS
_cARTS
_beng
041 _2eng
_aeng
082 _aV73:28wL06, J21
100 _aFranklin Benjamin
245 0 _aAutobiographical writings, ed by Carl Van Doren
260 _c1952
650 _aHISTORY
942 _hV73:28wL06, J21
_cTEXL
_2CC
999 _c243276
_d243276